| 000 | 00483nam a2200181Ia 4500 | ||
|---|---|---|---|
| 003 | GCL | ||
| 008 | 140319s9999 xx 000 0 ara d | ||
| 040 |
_aGCL / _cGCL |
||
| 082 | 0 | 4 |
_a964.093 _bع ر |
| 245 | 1 | 0 | _aراى مواطن |
| 300 | _a471 ص | ||
| 490 | _a | ||
| 650 | 0 | 4 | _aالجزائر |
| 650 | 0 | 4 | _aالاستعمار فى البلاد العربية |
| 650 | 0 | 4 | _aالاحتلال الفرنسى |
| 650 | 0 | 4 | _aالمغرب العربى - تاريخ |
| 942 |
_2ddc _cBK |
||
| 999 |
_c37995 _d37995 |
||